| 000 | 01055nac a22002891u 4500 | ||
|---|---|---|---|
| 010 | _a 87179824 | ||
| 020 | _a0713129425 (pbk.) | ||
| 082 | 0 | 0 |
_a574.19202 _bW6911 |
| 090 |
_c3442 _d3442 |
||
| 100 | _aWilson, Keith | ||
| 245 | 0 | 2 |
_aA Biologist's guide to principles and techniques of practical biochemistry / _cedited by Keith Wilson and Kenneth H. Goulding. |
| 250 | _a3rd ed. | ||
| 260 |
_aLondon ; _aBaltimore, Md., U.S.A. : _bE. Arnold, _c1986. |
||
| 300 |
_axix, 396 p. : _bill. ; _c23 cm. |
||
| 440 | 2 | _aA Series of student texts in contemporary biology | |
| 500 | _aDonations. | ||
| 500 | _aDonations - Bibliotheca Alexandrina. | ||
| 504 | _aIncludes bibliographies and index. | ||
| 650 | 0 |
_aBiochemistry _xTechnique. |
|
| 700 | 1 |
_aWilson, Keith, _d1936- |
|
| 700 | 1 | _aGoulding, Kenneth H. | |
| 740 | 0 | _aPrinciples and techniques of practical biochemistry. | |
| 942 |
_cBB _k574.19202W6911 _hRDA-MOD |
||
| 999 |
_c3442 _d3442 |
||
| 336 |
_2rdacontent _atext _btxt |
||
| 337 |
_aunmediated _2rdamedia _bn |
||
| 338 |
_avolume _bnc _2rdacarrier |
||